000 01041cam a2200241u 4500
999 _c130301
_d130301
001 6891931
003 ARRUPE
005 20200205091800.0
008 821108s1935 enkcfh 000 0 eng
010 _a 35016914
040 _aDLC
_cCarP
_dDLC
050 0 0 _aDC213
_b.L3 1935a
100 0 _aNapoleon
_bI,
_cEmperor of the French,
_d1769-1821.
_919196
245 0 4 _aThe letters of Napoleon to Marie-Louise;
_cNapoleon I
260 _aLondon,
_bHutchinson & co., ltd.
_c[1935]
300 _a289, [1] p.
_bfront., plates, ports., facsims.
_c23 cm.
600 0 0 _aNapoleon
_bI,
_cEmperor of the French,
_d1769-1821
_vCorrespondence.
_949365
600 0 0 _aMarie Louise,
_cEmpress, consort of Napoleon I, Emperor of the French,
_d1791-1847
_vCorrespondence.
_949366
700 0 _aMarie Louise,
_cEmpress, consort of Napoleon I, Emperor of the French,
_d1791-1847.
_949367
700 1 _aLa Roncière, Charles Germain Marie Bourel de,
_d1870- [from old catalog]
_eed.
_949368
906 _a0
_bcbc
_cpremunv
_du
_encip
_f19
_gy-gencatlg
942 _2lcc
_cMONOGRAPH